000 01437cam a22003494a 4500
001 11927958
003 NUST - PNEC
005 20170116181201.0
008 000302s2000 si a b 000 0 eng
010 _a 00028301
020 _a9810229275
020 _a9789810229276
040 _cLIBRARY
042 _apcc
050 0 0 _aTJ173
_b.A85 2000
082 0 0 _a621.81 WIE
_221
100 _916454
_aWiercigroch Marian
245 0 0 _aApplied nonlinear dynamics and chaos of mechanical systems with discontinuities /
_ceditors, Marian Wiercigroch, Bram de Kraker.
260 _aSingapore ;
_aRiver Edge, NJ :
_bWorld Scientific,
_c2000.
300 _axv, 444 p. :
_bill. ;
_c23 cm.
440 0 _aWorld Scientific series in nonlinear science, Series A ;
_vvol. 28
504 _aIncludes bibliographical references.
650 0 _aMachinery, Dynamics of.
_xME
650 0 _aNonlinear theories.
650 0 _aChaotic behavior in systems.
700 1 _aWiercigroch, Marian.
700 1 _aKraker, Bram de.
856 _uhttp://www.amazon.com/Applied-Nonlinear-Dynamics-Mechanical-Discontinuities/dp/9810229275/ref=sr_1_1?ie=UTF8&qid=1455691254&sr=8-1&keywords=9810229275
906 _a7
_bcbc
_corignew
_d1
_eocip
_f20
_gy-gencatlg
942 _2ddc
_cBK
999 _c71483
_d71483